[Event "51st World Juniors"]
[Site "Athens GRE"]
[Date "2012.08.14"]
[Round "12.1"]
[White "Ter-Sahakyan, Samvel"]
[Black "Rapport, Richard"]
[Result "1/2-1/2"]
[WhiteTitle "GM"]
[BlackTitle "GM"]
[WhiteElo "2567"]
[BlackElo "2605"]
[WhiteFideId "13302531"]
[BlackFideId "738590"]
[EventDate "2012.08.02"]

1. e4 e6 2. d4 d5 3. Nc3 Bb4 4. e5 c5 5. a3 Bxc3+ 6. bxc3 Nc6 7. Qg4 g6 8. Nf3
Qa5 9. Bd2 Qa4 10. Ra2 Bd7 11. Qf4 h6 12. h4 Na5 13. Bd3 Nc4 14. dxc5 Nxd2 15.
Qxd2 Rc8 16. h5 g5 17. Nd4 Qa5 18. f4 Qxc5 19. fxg5 hxg5 20. Qxg5 Qxc3+ 21. Ke2
Ne7 22. Qe3 a6 23. Kf2 Nc6 24. Nf3 Kd8 25. Raa1 f6 26. exf6 Qxf6 27. c4 Rf8 28.
Rae1 dxc4 29. Be4 Nd4 30. Bxb7 Rb8 31. Rb1 e5 32. Be4 Ke7 33. Rhe1 Rxb1 34. Rxb1
Qh4+ 35. Kg1 Nxf3+ 36. Bxf3 Qd4 37. Re1 Kf6 38. Kf1 Qxe3 39. Rxe3 Be6 40. Bd1
Rd8 41. Ke1 Rd3 42. Rxd3 cxd3 43. Kd2 Bd5 44. Kxd3 Bxg2 45. a4 a5 46. Kc4 Bc6
47. Kc5 Be8 48. Kb6 Kg7 49. Kxa5 e4 50. Kb4 Bxa4 1/2-1/2

[Event "51st World Juniors"]
[Site "Athens GRE"]
[Date "2012.08.14"]
[Round "12.2"]
[White "Wei, Yi"]
[Black "Ipatov, Alexander"]
[Result "1/2-1/2"]
[WhiteTitle "FM"]
[BlackTitle "GM"]
[WhiteElo "2418"]
[BlackElo "2577"]
[WhiteFideId "8603405"]
[BlackFideId "14116731"]
[EventDate "2012.08.02"]

1. e4 e5 2. Nf3 Nf6 3. Nc3 Nc6 4. Bb5 Bb4 5. O-O O-O 6. d3 d6 7. Ne2 Bg4 8. Be3
Nh5 9. c3 Ba5 10. Ne1 Bb6 11. Bxb6 axb6 12. f3 Bd7 13. g4 Nf6 14. Ng3 Ne7 15.
Bxd7 Nxd7 16. Ng2 Ng6 17. d4 Re8 18. Qd2 Ndf8 19. d5 Nh4 20. Ne1 h6 21. Nf5 Qg5
22. Qxg5 hxg5 23. Nxh4 gxh4 24. Ng2 g5 25. Rfd1 Nd7 26. Ne1 b5 27. Nd3 Nb6 28.
b3 Ra3 29. Nb4 Kf8 30. Rd2 Ke7 31. Kf2 Rea8 32. Rad1 Kd7 33. Ke2 Nc8 34. Rc1 Nb6
35. Rcd1 Rd8 36. Rd3 Nc8 37. R3d2 Nb6 38. Rd3 Ra7 39. Kd2 Rda8 40. Kc1 Ke7 41.
Kb1 Kd7 1/2-1/2

[Event "51st World Juniors"]
[Site "Athens GRE"]
[Date "2012.08.14"]
[Round "12.3"]
[White "Shimanov, Aleksandr"]
[Black "Ding, Liren"]
[Result "0-1"]
[WhiteTitle "GM"]
[BlackTitle "GM"]
[WhiteElo "2596"]
[BlackElo "2695"]
[WhiteFideId "4198603"]
[BlackFideId "8603677"]
[EventDate "2012.08.02"]

1. d4 Nf6 2. c4 g6 3. Nc3 Bg7 4. e4 d6 5. Nf3 O-O 6. Be2 e5 7. O-O exd4 8. Nxd4
Re8 9. f3 c6 10. Kh1 Nh5 11. g4 Nf6 12. Rg1 a6 13. a4 a5 14. Bf4 h5 15. g5 Nh7
16. Nb3 Na6 17. Be3 Qe7 18. Qd2 Nc5 19. Qc2 Nxb3 20. Qxb3 Nf8 21. Rad1 Ne6 22.
Qc2 Be5 23. Qd2 Nc5 24. Qc2 Ra6 25. Rb1 Kh7 26. Nd1 Bg7 27. Nf2 Ra8 28. Rbd1 b6
29. Nd3 Nxe4 30. Bxb6 Nxg5 31. Nf4 Qe5 32. Qc1 Ne6 33. Nxe6 Bxe6 34. Bd3 Rab8
35. Bc7 Rxb2 36. Rd2 Qe3 37. Rxb2 Qxf3+ 38. Rbg2 Qxd3 39. Re1 Bh6 40. Qa1 Qxc4
41. Bxd6 Rd8 0-1

[Event "51st World Juniors"]
[Site "Athens GRE"]
[Date "2012.08.14"]
[Round "12.5"]
[White "Grover, Sahaj"]
[Black "Zherebukh, Yaroslav"]
[Result "1/2-1/2"]
[WhiteTitle "IM"]
[BlackTitle "GM"]
[WhiteElo "2516"]
[BlackElo "2629"]
[WhiteFideId "5021103"]
[BlackFideId "14116804"]
[EventDate "2012.08.02"]

1. d4 f5 2. e4 fxe4 3. Nc3 Nf6 4. Bg5 Nc6 5. d5 Ne5 6. Qe2 c6 7. O-O-O cxd5 8.
Nxd5 e6 9. f4 Nf7 10. Bxf6 gxf6 11. Qxe4 f5 12. Qe3 Bh6 13. g3 O-O 14. Nb4 a5
15. Nd3 d6 16. g4 fxg4 17. h3 g3 18. Ne2 e5 19. Qxg3+ Kh8 20. Kb1 Bf5 21. Bg2
Qb6 22. fxe5 Nxe5 23. Nxe5 dxe5 24. Rhg1 Rg8 25. Qh4 Bg5 26. Qa4 Be3 27. Be4
Bxg1 28. Bxf5 Bd4 29. c3 Rg2 30. Qd7 Rg7 31. Qd5 Rd8 32. Qe4 Bc5 33. Rxd8+ Qxd8
34. Qxe5 Qe7 35. Be6 Bd6 36. Qe4 Rg6 37. Nd4 Bc5 38. a4 Rf6 39. Qg4 Rg6 40. Qf4
Rf6 41. Qb8+ Qf8 42. Qe5 Bxd4 43. cxd4 Qg7 44. Ka2 Rf2 45. Qxa5 Qxd4 46. Qa8+
Kg7 47. Qxb7+ Kh6 48. Qb5 Rxb2+ 1/2-1/2

[Event "51st World Juniors"]
[Site "Athens GRE"]
[Date "2012.08.14"]
[Round "12.6"]
[White "Huschenbeth, Niclas"]
[Black "Oparin, Grigoriy"]
[Result "1-0"]
[WhiteTitle "GM"]
[BlackTitle "IM"]
[WhiteElo "2532"]
[BlackElo "2488"]
[WhiteFideId "24604747"]
[BlackFideId "24125890"]
[EventDate "2012.08.02"]

1. Nf3 d5 2. g3 Nf6 3. Bg2 c6 4. c4 dxc4 5. O-O Nbd7 6. Qc2 Nb6 7. Na3 Be6 8.
Ng5 Bg4 9. Nxc4 Bxe2 10. Ne5 Bh5 11. Re1 e6 12. Bf3 Bg6 13. Bxc6+ bxc6 14. Qxc6+
Nfd7 15. Nexf7 Bxf7 16. Nxf7 Qf6 17. Nxh8 e5 18. Qe4 g6 19. d4 Bg7 20. dxe5 Qe6
21. Nxg6 hxg6 22. Be3 Rc8 23. Bxb6 axb6 24. Rac1 Nc5 25. Qc2 Rd8 26. Rcd1 Rxd1
27. Qxd1 Qxa2 28. Qd6 Ne6 29. Qxb6 Qd5 30. Qd6 Qxd6 31. exd6 Kd7 32. b4 Kxd6 33.
h4 Bd4 34. Kg2 Kd5 35. Rc1 Nd8 36. Rc8 Nc6 37. b5 Ne7 38. Rd8+ Kc4 39. Re8 Nf5
40. Re6 1-0

[Event "51st World Juniors"]
[Site "Athens GRE"]
[Date "2012.08.14"]
[Round "12.7"]
[White "Van Kampen, Robin"]
[Black "Urkedal, Frode"]
[Result "1-0"]
[WhiteTitle "GM"]
[BlackTitle "IM"]
[WhiteElo "2565"]
[BlackElo "2473"]
[WhiteFideId "1020854"]
[BlackFideId "1506102"]
[EventDate "2012.08.02"]

1. e4 e5 2. Nf3 Nc6 3. Bb5 a6 4. Ba4 Nf6 5. O-O b5 6. Bb3 Bb7 7. d3 Be7 8. Re1
O-O 9. Nbd2 d6 10. a3 Na5 11. Ba2 c5 12. Nf1 Bc8 13. c3 Nc6 14. Ng3 Re8 15. Ng5
Rf8 16. h3 Bd7 17. Be3 Rc8 18. Nf3 Re8 19. d4 Bf8 20. d5 Ne7 21. b4 c4 22. a4
Ng6 23. Bb1 Ra8 24. Bc2 h6 25. Qd2 a5 26. axb5 axb4 27. cxb4 Bxb5 28. Ne2 Qc7
29. Nc3 Qb7 30. Ra5 Bd7 31. Rea1 Rxa5 32. bxa5 Ra8 33. Na4 Bxa4 34. Rxa4 Qb5 35.
Ra1 Be7 36. Qc3 Bd8 37. Bd2 Qc5 38. g3 Ne7 39. Kg2 Nxe4 40. Bxe4 f5 41. Bc2 e4
42. Nd4 Nxd5 43. Ne6 Nxc3 44. Nxc5 Nb5 45. Ba4 Bf6 46. Ra2 c3 47. Be3 dxc5 48.
Bxb5 Bd4 49. a6 Bxe3 50. fxe3 Kf7 51. Rc2 Rb8 52. Bc4+ Ke7 53. Rxc3 Rb2+ 54. Kf1 1-0

[Event "51st World Juniors"]
[Site "Athens GRE"]
[Date "2012.08.14"]
[Round "12.8"]
[White "Hansen, Eric"]
[Black "Grigoryan, Karen H."]
[Result "1-0"]
[WhiteTitle "IM"]
[BlackTitle "IM"]
[WhiteElo "2472"]
[BlackElo "2529"]
[WhiteFideId "2606771"]
[BlackFideId "13301004"]
[EventDate "2012.08.02"]

1. e4 e5 2. Nf3 Nc6 3. Bb5 Nge7 4. O-O a6 5. Ba4 g6 6. c3 Bg7 7. d4 b5 8. Bb3
exd4 9. cxd4 O-O 10. Nc3 d6 11. h3 Na5 12. Be3 Nxb3 13. Qxb3 Bb7 14. d5 c6 15.
dxc6 Nxc6 16. Rad1 Rc8 17. Nd5 Na5 18. Qb4 Rc4 19. Qd2 Nc6 20. Bg5 f6 21. Bf4
Rxe4 22. Nc3 Ree8 23. Bxd6 Rf7 24. Qf4 Rd7 25. Bc5 Ne5 26. Nxe5 Rxe5 27. b4 h5
28. f3 g5 29. Qc1 Qc8 30. Qc2 g4 31. f4 Re8 32. hxg4 Rxd1 33. Nxd1 hxg4 34. Qb3+
Qe6 35. Re1 Bd5 36. Rxe6 Bxe6 37. Qc2 g3 38. Qg6 Rd8 39. Ne3 1-0

[Event "51st World Juniors"]
[Site "Athens GRE"]
[Date "2012.08.14"]
[Round "12.9"]
[White "Holt, Conrad"]
[Black "Antipov, Mikhail Al."]
[Result "1/2-1/2"]
[WhiteTitle "IM"]
[BlackTitle "IM"]
[WhiteElo "2498"]
[BlackElo "2462"]
[WhiteFideId "2034387"]
[BlackFideId "4107012"]
[EventDate "2012.08.02"]

1. d4 Nf6 2. c4 e6 3. Nc3 Bb4 4. Qc2 O-O 5. e4 d5 6. e5 Ne4 7. Bd3 c5 8. Nf3
cxd4 9. Nxd4 Nd7 10. Bf4 Qh4 11. g3 Qh5 12. O-O Bxc3 13. bxc3 g5 14. cxd5 exd5
15. Bxe4 dxe4 16. e6 gxf4 17. exd7 Bxd7 18. Qxe4 fxg3 19. hxg3 b6 20. Qb7 Rad8
21. Rfe1 Bg4 22. Qe7 f6 23. Ne6 Bxe6 24. Qxe6+ Kh8 25. Qe7 Qf7 26. Qa3 Rfe8 27.
Qa4 Re7 28. Qc6 Kg7 29. Qf3 Rxe1+ 30. Rxe1 h5 31. a4 Rd5 32. Re4 Kg6 33. c4 Rc5
34. Qe2 Re5 35. Rxe5 fxe5 36. Qe4+ Qf5 37. Qb7 h4 38. gxh4 Kh5 39. Qg7 Kxh4 40.
Qh6+ Qh5 41. Qc6 Qg4+ 42. Kf1 Qd1+ 1/2-1/2

[Event "51st World Juniors"]
[Site "Athens GRE"]
[Date "2012.08.14"]
[Round "12.10"]
[White "Heimann, Andreas"]
[Black "Baghdasaryan, Vahe"]
[Result "1-0"]
[WhiteTitle "IM"]
[BlackTitle "IM"]
[WhiteElo "2493"]
[BlackElo "2368"]
[WhiteFideId "24624632"]
[BlackFideId "13303139"]
[EventDate "2012.08.02"]

1. Nf3 c5 2. c4 Nc6 3. Nc3 Nf6 4. g3 g6 5. Bg2 Bg7 6. O-O O-O 7. d4 cxd4 8. Nxd4
d6 9. Nxc6 bxc6 10. Bxc6 Rb8 11. Bg2 Nd7 12. Qc2 Ne5 13. b3 Bf5 14. e4 Bg4 15.
h3 Nf3+ 16. Kh1 Nd4 17. Qd3 Be6 18. Be3 Nc6 19. Rac1 Qa5 20. Qd2 Qh5 21. Qe2
Bxh3 22. Qxh5 Bxg2+ 23. Kxg2 gxh5 24. Rh1 Nb4 25. Nd5 Nxa2 26. Rc2 Nb4 27. Nxe7+
Kh8 28. Rd2 Rfe8 29. Nf5 Rxe4 30. Bxa7 Ra8 31. Nxd6 Re7 32. Bc5 Bc3 33. Bd4+
Bxd4 34. Rxd4 Nc2 35. Re4 Rxe4 36. Nxe4 Rb8 37. c5 Nd4 38. Rd1 Rb4 39. Nd6 Kg8
40. Rc1 Nc6 41. Rc3 Kg7 42. Rf3 Kg6 43. Rxf7 Rxb3 44. f4 Rb2+ 45. Kf3 Rc2 46.
f5+ Kh6 47. Rf6+ 1-0

[Event "51st World Juniors"]
[Site "Athens GRE"]
[Date "2012.08.14"]
[Round "12.11"]
[White "Kilpatrick, Callum"]
[Black "Cori, Jorge"]
[Result "0-1"]
[WhiteTitle "FM"]
[BlackTitle "GM"]
[WhiteElo "2326"]
[BlackElo "2487"]
[WhiteFideId "414425"]
[BlackFideId "3802272"]
[EventDate "2012.08.02"]

1. e4 e6 2. d4 d5 3. Nc3 Bb4 4. a3 Bxc3+ 5. bxc3 dxe4 6. Qg4 Nf6 7. Qxg7 Rg8 8.
Qh6 Nbd7 9. Ne2 c5 10. Ng3 Qc7 11. Bf4 Qc6 12. Be2 cxd4 13. O-O Qxc3 14. Qh4 Qc5
15. Rab1 a6 16. Bd2 Qc6 17. Bg5 Rg6 18. f4 b5 19. f5 Rxg5 20. Qxg5 e5 21. a4 Qc5
22. Kh1 b4 23. Nh5 Ke7 24. a5 Rb8 25. Rb3 Qxc2 26. Bd1 Qc4 27. Re1 Bb7 28. Qh4
Rg8 29. Rg3 Rxg3 30. Nxg3 b3 31. h3 b2 32. Bg4 Qc2 0-1

[Event "51st World Juniors"]
[Site "Athens GRE"]
[Date "2012.08.14"]
[Round "12.12"]
[White "Kanarek, Marcel"]
[Black "Schreiner, Peter"]
[Result "1/2-1/2"]
[WhiteTitle "IM"]
[BlackTitle "FM"]
[WhiteElo "2487"]
[BlackElo "2444"]
[WhiteFideId "1126822"]
[BlackFideId "1621645"]
[EventDate "2012.08.02"]

1. e4 e5 2. Nf3 Nc6 3. d4 exd4 4. Nxd4 Nf6 5. Nxc6 bxc6 6. e5 Qe7 7. Qe2 Nd5 8.
c4 Nb6 9. Nc3 Qe6 10. Qe4 g6 11. f4 Bb4 12. Bd2 a5 13. Bd3 Ba6 14. b3 d5 15.
cxd5 cxd5 16. Qe2 Bxd3 17. Qxd3 O-O 18. O-O c5 19. Nb5 Qc6 20. Bxb4 axb4 21. f5
Nd7 22. e6 fxe6 23. fxe6 Nf6 24. Rae1 Rae8 25. Qe3 Qxb5 26. Qe5 Kg7 27. Qc7+ Kg8
28. Qe5 Ng4 29. Rxf8+ Rxf8 30. Qg5 Nf6 31. e7 Rf7 32. Qxf6 Rxf6 33. e8=Q+ Qxe8
34. Rxe8+ Kf7 35. Rc8 Ke6 36. Rxc5 Ke5 37. Rb5 Ra6 38. Kf2 Rxa2+ 39. Kf3 Kd4 40.
Rxb4+ Kc3 41. Rb7 h5 42. b4 g5 43. b5 d4 44. Rc7+ Kd3 45. b6 g4+ 46. Kg3 Rb2 47.
b7 Kd2 48. Kh4 Rb5 49. Kg3 1/2-1/2

[Event "51st World Juniors"]
[Site "Athens GRE"]
[Date "2012.08.14"]
[Round "12.13"]
[White "Indjic, Aleksandar"]
[Black "Bluebaum, Matthias"]
[Result "1-0"]
[WhiteTitle "IM"]
[BlackTitle "IM"]
[WhiteElo "2481"]
[BlackElo "2424"]
[WhiteFideId "911925"]
[BlackFideId "24651516"]
[EventDate "2012.08.02"]

1. Nf3 d5 2. d4 Nf6 3. e3 Bf5 4. b3 e6 5. Bd3 Nbd7 6. O-O c6 7. c4 Bd6 8. Nc3
O-O 9. Bxf5 exf5 10. Qd3 Bb4 11. Ne2 g6 12. Bd2 Bd6 13. a4 Qe7 14. Nc3 a6 15. c5
Bc7 16. b4 b6 17. Rfc1 Rfb8 18. Rab1 bxc5 19. bxc5 Qe8 20. a5 Bxa5 21. Nxd5 Nxd5
22. Bxa5 Rb5 23. Ra1 Rab8 24. Nd2 Qe6 25. Nc4 Rb3 26. Qc2 h5 27. Bd2 Nc3 28.
Bxc3 Qxc4 29. Be1 Qb5 30. Qa2 Ra8 31. Rab1 Rb8 32. Rxb3 Qxb3 33. Qxa6 Qb2 34.
Qa1 Qb5 35. Qa5 Qb2 36. Qc3 Qb5 37. d5 cxd5 38. c6 Nf8 39. Qf6 Ne6 40. Bc3 d4
41. c7 Rc8 42. Bxd4 Nxd4 43. Qxd4 Kh7 44. h3 1-0

[Event "51st World Juniors"]
[Site "Athens GRE"]
[Date "2012.08.14"]
[Round "12.14"]
[White "Salem, A.R. Saleh"]
[Black "Debashis, Das"]
[Result "1-0"]
[WhiteTitle "GM"]
[BlackTitle "IM"]
[WhiteElo "2546"]
[BlackElo "2446"]
[WhiteFideId "9301348"]
[BlackFideId "5024854"]
[EventDate "2012.08.02"]

1. d4 d5 2. c4 c6 3. Nf3 Nf6 4. Nc3 e6 5. Bg5 h6 6. Bh4 dxc4 7. e4 g5 8. Bg3 b5
9. Be2 Bb7 10. e5 Nd5 11. Nd2 Nd7 12. a4 a6 13. O-O Qb6 14. Nde4 O-O-O 15. Qd2
c5 16. axb5 axb5 17. Nxd5 Bxd5 18. Nc3 Bb7 19. d5 exd5 20. Nxd5 Qe6 21. Rfd1
Nxe5 22. Bg4 Nxg4 23. Qa5 Bd6 24. Nb6+ Kb8 25. Rxd6 Rxd6 26. Na8 Qe7 27. Qa7+
Kc8 28. Qxc5+ Kd7 29. Nb6+ Rxb6 30. Rd1+ Ke8 31. Qxb6 Bc8 32. Bd6 Qe6 33. Qxb5+
Bd7 34. Qb4 f6 35. Re1 Kf7 36. Rxe6 Bxe6 37. Qb7+ Kg6 38. Qe4+ Kf7 39. h3 Ne5
40. Bxe5 fxe5 41. Qxe5 Re8 42. h4 Kg6 43. f4 gxf4 44. h5+ Kf7 45. Qxf4+ Kg7 46.
Qg3+ 1-0

[Event "51st World Juniors"]
[Site "Athens GRE"]
[Date "2012.08.14"]
[Round "12.16"]
[White "Rombaldoni, Axel"]
[Black "Stanciu, Alexandru-Ovidiu"]
[Result "0-1"]
[WhiteTitle "IM"]
[WhiteElo "2494"]
[BlackElo "2342"]
[WhiteFideId "815837"]
[BlackFideId "1217674"]
[EventDate "2012.08.02"]

1. e4 e5 2. Nf3 Nc6 3. Bc4 Nf6 4. d3 Be7 5. O-O O-O 6. Re1 d6 7. a4 Na5 8. Ba2
c5 9. c3 Nc6 10. Nbd2 h6 11. Nf1 Re8 12. Ng3 Bf8 13. h3 g6 14. Nh2 Bg7 15. Be3
Qe7 16. Qd2 Kh7 17. f4 exf4 18. Bxf4 Be6 19. Bxe6 Qxe6 20. Re2 Rad8 21. Rf1 Ne5
22. d4 cxd4 23. cxd4 Qc4 24. dxe5 dxe5 25. Qc1 Qxa4 26. Be3 Rd7 27. Ng4 Nxe4 28.
Nxe4 Qxe4 29. Bxh6 Qxe2 30. Re1 Qa6 31. Bxg7 Kxg7 32. Qh6+ Kg8 33. h4 f5 34.
Rxe5 Qb6+ 35. Kh1 Rxe5 36. Nxe5 Rd1+ 37. Kh2 Qd6 0-1

[Event "51st World Juniors"]
[Site "Athens GRE"]
[Date "2012.08.14"]
[Round "12.17"]
[White "Zhou, Yang-Fan"]
[Black "Shyam, Nikil P."]
[Result "1/2-1/2"]
[WhiteTitle "IM"]
[BlackTitle "IM"]
[WhiteElo "2430"]
[BlackElo "2484"]
[WhiteFideId "468584"]
[BlackFideId "5024218"]
[EventDate "2012.08.02"]

1. e4 c5 2. Nf3 d6 3. d4 cxd4 4. Nxd4 Nf6 5. Nc3 a6 6. h3 e6 7. g4 Be7 8. g5
Nfd7 9. Be3 Nc6 10. h4 Nxd4 11. Qxd4 O-O 12. O-O-O b5 13. f4 Bb7 14. Kb1 Rc8 15.
h5 e5 16. Qd2 Nc5 17. Bg2 exf4 18. Bxf4 Ne6 19. Bh3 Rc4 20. g6 f5 21. Bxd6 Bxe4
22. Nxe4 Rxe4 23. Bxe7 Qxe7 24. Qd5 hxg6 25. hxg6 Qf6 26. Rhe1 Rd8 27. Qxf5 Rxe1
28. Rxe1 Nf4 29. a4 bxa4 30. Qxf6 gxf6 31. Bf5 Rd5 32. Bc8 Kg7 33. Re4 Nxg6 34.
Rxa4 a5 35. c4 Rc5 36. Ba6 f5 37. Kc2 f4 38. Kd3 f3 39. Ra1 Rf5 40. Rf1 Kf6 41.
Bc8 Ne5+ 42. Ke4 Nxc4 43. Bxf5 Nd2+ 44. Kf4 Nxf1 45. Bd3 Nd2 46. Ke3 Nb3 47.
Kxf3 1/2-1/2

[Event "51st World Juniors"]
[Site "Athens GRE"]
[Date "2012.08.14"]
[Round "12.18"]
[White "Andersen, Mads"]
[Black "Lapidus, Mark"]
[Result "1-0"]
[WhiteTitle "IM"]
[WhiteElo "2464"]
[BlackElo "2129"]
[WhiteFideId "1413864"]
[BlackFideId "4502299"]
[EventDate "2012.08.02"]

1. d4 g6 2. e4 Bg7 3. Nc3 d6 4. f4 c6 5. Be3 Nf6 6. Nf3 O-O 7. Bd3 b5 8. e5 Ng4
9. Bg1 Nh6 10. h3 Qa5 11. a3 b4 12. axb4 Qxb4 13. Ra3 Be6 14. Qc1 dxe5 15. dxe5
Nd7 16. Ra4 Qb7 17. b3 Nb6 18. Ra5 Nd5 19. Nxd5 Bxd5 20. Bc5 Rfd8 21. Qe3 Qd7
22. Be2 Nf5 23. Qf2 Ng3 24. Qxg3 Bxf3 25. Be3 Be4 26. Rc5 Bf8 27. O-O e6 28. Rc4
Bd5 29. Ra4 c5 30. Qf2 Qc6 31. Rfa1 Rd7 32. Ra6 Qb7 33. h4 Be4 34. Bc4 h5 35.
Kh2 Rc7 36. Bf1 Qd5 37. R6a4 Qc6 38. g4 Rd8 39. gxh5 gxh5 40. Be2 Bg6 41. Bf3
Qd7 42. Rg1 Kh7 43. Qg2 Qe7 44. f5 exf5 45. Bxh5 Qe6 46. Be2 Bg7 47. h5 Bxe5+
48. Kh1 Rh8 49. Rh4 Kg7 50. Bc4 Qd7 51. Bg5 Bd4 52. hxg6 Bxg1 53. Rxh8 1-0

[Event "51st World Juniors"]
[Site "Athens GRE"]
[Date "2012.08.14"]
[Round "12.19"]
[White "Ghosh, Diptayan"]
[Black "Baron, Tal"]
[Result "1/2-1/2"]
[WhiteTitle "FM"]
[BlackTitle "GM"]
[WhiteElo "2417"]
[BlackElo "2451"]
[WhiteFideId "5045207"]
[BlackFideId "2809958"]
[EventDate "2012.08.02"]

1. c4 Nf6 2. g3 e6 3. Bg2 d5 4. Nf3 dxc4 5. Na3 Bxa3 6. bxa3 b5 7. Ne5 Nd5 8. d3
Qf6 9. Bf4 cxd3 10. O-O Nd7 11. Nxd3 Bb7 12. Bxc7 O-O 13. Ba5 Rac8 14. Qb3 a6
15. Rac1 Qd4 16. Rfd1 Rxc1 17. Nxc1 Qc4 18. Nd3 Rc8 19. Rc1 Qd4 20. Rxc8+ Bxc8
21. Bxd5 Qxd5 22. Qxd5 exd5 23. f3 f6 24. Kf2 Ne5 25. Nxe5 fxe5 26. Bc7 e4 27.
Ke3 exf3 28. exf3 Kf7 29. Kd4 Ke6 30. Bb8 1/2-1/2

[Event "51st World Juniors"]
[Site "Athens GRE"]
[Date "2012.08.14"]
[Round "12.20"]
[White "Bajarani, Ulvi"]
[Black "Codenotti, Marco"]
[Result "1/2-1/2"]
[WhiteTitle "IM"]
[BlackTitle "FM"]
[WhiteElo "2446"]
[BlackElo "2314"]
[WhiteFideId "13403028"]
[BlackFideId "800015"]
[EventDate "2012.08.02"]

1. d4 Nf6 2. Nf3 g6 3. c4 Bg7 4. Nc3 d5 5. cxd5 Nxd5 6. Bd2 c5 7. Rc1 Nxc3 8.
Bxc3 cxd4 9. Nxd4 O-O 10. e3 Qd5 11. Nb5 Qxd1+ 12. Rxd1 Nc6 13. Be2 Bxc3+ 14.
Nxc3 Be6 15. Bf3 Ne5 16. Be4 Rad8 17. O-O Nc4 18. Rxd8 Rxd8 19. b3 Nd2 20. Rd1
Rc8 21. Rxd2 Rxc3 22. Kf1 b6 23. Ke2 f6 24. g3 Kf7 25. h4 h6 26. Kd1 Bg4+ 27. f3
Rxe3 28. Bd5+ Be6 29. Bb7 Rc3 30. Ke2 h5 31. Kf2 Bf5 32. Bd5+ e6 33. Bc4 Ke7 34.
Be2 e5 35. Bc4 Rc2 36. Rxc2 Bxc2 37. f4 Kd6 38. b4 Bf5 39. a3 Be6 40. Bd3 Bf5
41. Bc4 Ke7 42. Ke3 Kf8 43. fxe5 fxe5 44. Bd5 Ke7 45. Bc4 Kf6 46. Bd5 Bb1 47.
Bf3 Kf5 48. Be2 Bc2 49. Kd2 Be4 50. Ke3 Bb1 51. Bd1 Be4 52. Ba4 Bd5 53. Bc2+ Kf6
54. Bd3 Be6 55. Be2 Bg4 56. Bb5 Bf5 57. Be8 Ke6 58. Ba4 Bb1 59. Be8 a5 60. Bc6
Bc2 61. Be8 Ke7 62. Bb5 Kf6 63. Be8 Bf5 64. Bb5 Bc8 65. Be2 Bd7 66. Bd3 Bc6 67.
Be2 Kf5 68. Bd1 Bd5 69. Bc2+ e4 70. Bd1 Bc4 71. Kd4 Bf1 72. Ke3 axb4 73. axb4
Bh3 74. Be2 Bg4 75. Bb5 Ke5 76. Be8 Bf5 77. Bf7 Kf6 78. Bd5 Ke5 79. Bf7 Kf6 80.
Bd5 Ke5 1/2-1/2

[Event "51st World Juniors"]
[Site "Athens GRE"]
[Date "2012.08.14"]
[Round "12.21"]
[White "Kovalev, Vladislav"]
[Black "Aravindh, Chithambaram VR."]
[Result "1-0"]
[WhiteTitle "IM"]
[BlackTitle "FM"]
[WhiteElo "2485"]
[BlackElo "2240"]
[WhiteFideId "13504398"]
[BlackFideId "5072786"]
[EventDate "2012.08.02"]

1. e4 c5 2. Nf3 Nc6 3. Nc3 e5 4. Bc4 Be7 5. d3 Nf6 6. Nd2 d6 7. Nf1 Be6 8. Ne3
Qd7 9. a3 O-O 10. O-O Nd4 11. Ncd5 b5 12. Ba2 Nc6 13. c3 Rab8 14. f4 exf4 15.
Rxf4 Bxd5 16. Nxd5 Nxd5 17. Bxd5 Ne5 18. Rf5 Bd8 19. Be3 g6 20. Rf1 Ng4 21. Bf4
Bf6 22. Bxd6 Qxd6 23. Qxg4 Kg7 24. Rf5 Be5 25. Raf1 f6 26. Rh5 a5 27. Rf3 b4 28.
Rfh3 Rh8 29. Qh4 gxh5 30. Qxh5 Qxd5 31. exd5 bxc3 32. bxc3 Bxc3 33. d6 Bd4+ 34.
Kf1 Rb1+ 35. Ke2 Rb2+ 36. Kd1 Rb1+ 37. Kc2 Rb2+ 38. Kc1 Rxg2 39. d7 1-0

[Event "51st World Juniors"]
[Site "Athens GRE"]
[Date "2012.08.14"]
[Round "12.22"]
[White "Aggelis, Nikolaos"]
[Black "Shyam, Sundar M."]
[Result "0-1"]
[WhiteTitle "FM"]
[BlackTitle "IM"]
[WhiteElo "2352"]
[BlackElo "2486"]
[WhiteFideId "4213220"]
[BlackFideId "5019141"]
[EventDate "2012.08.02"]

1. Nf3 Nf6 2. d4 e6 3. g3 b5 4. Qd3 b4 5. Bg2 d5 6. a3 Ba6 7. Qd1 bxa3 8. Nxa3
c5 9. c4 cxd4 10. Nxd4 Bb4+ 11. Bd2 Bc5 12. Bc3 O-O 13. b4 Be7 14. O-O Bb7 15.
c5 a5 16. bxa5 Bxc5 17. Nb3 Be7 18. Qb1 Nbd7 19. Rc1 Ba6 20. e3 Rb8 21. Qa2 e5
22. Rab1 h5 23. h3 Bd6 24. Nd2 Qe7 25. Nc2 Rbc8 26. Ba1 Bd3 27. Bf1 Bxf1 28.
Kxf1 Qe6 29. Kg2 h4 30. g4 Nxg4 31. hxg4 Qxg4+ 32. Kh1 e4 33. Nf1 Qf3+ 34. Kg1
Rxc2 0-1

[Event "51st World Juniors"]
[Site "Athens GRE"]
[Date "2012.08.14"]
[Round "12.23"]
[White "Hernandez Sanchez, Jairo Andres"]
[Black "Pavlidis, Antonios"]
[Result "1/2-1/2"]
[WhiteTitle "FM"]
[BlackTitle "IM"]
[WhiteElo "2288"]
[BlackElo "2466"]
[WhiteFideId "4404017"]
[BlackFideId "4212312"]
[EventDate "2012.08.02"]

1. e4 c5 2. Nf3 e6 3. d3 Nc6 4. g3 d5 5. Nbd2 Bd6 6. Bg2 Nge7 7. O-O O-O 8. Nh4
Bc7 9. f4 b6 10. Kh1 Bb7 11. c3 Ba6 12. exd5 exd5 13. Ndf3 Qd7 14. Re1 Rfe8 15.
Ng5 Ng6 16. Nxg6 hxg6 17. Bh3 Qd6 18. Bf1 Ne7 19. Bd2 Nf5 20. Qg4 Qc6 21. Qh3
Nh6 22. b3 Bb7 23. Kg1 f6 24. Nf3 d4 25. Nh4 Qh1+ 26. Kf2 f5 27. Bg2 Bxg2 28.
Qxg2 Ng4+ 29. Kf3 Nxh2+ 30. Kf2 Ng4+ 31. Kf3 Qxg2+ 32. Kxg2 dxc3 33. Bxc3 Ne3+
34. Kf2 Nc2 35. Rxe8+ Rxe8 36. Rc1 Ne3 37. Re1 Ng4+ 38. Kf1 Re3 39. Rxe3 Nxe3+
40. Ke2 Nd5 41. Bb2 Ne7 42. Nf3 Nc6 43. d4 cxd4 44. Kd3 Nb4+ 45. Kc4 Nc2 46. Kd3
Ne3 47. Bxd4 Nd5 48. Kc4 Nf6 1/2-1/2

[Event "51st World Juniors"]
[Site "Athens GRE"]
[Date "2012.08.14"]
[Round "12.24"]
[White "Gao, Rui"]
[Black "Grandadam, Nicolas"]
[Result "1-0"]
[WhiteTitle "IM"]
[BlackTitle "FM"]
[WhiteElo "2442"]
[BlackElo "2333"]
[WhiteFideId "8602387"]
[BlackFideId "681806"]
[EventDate "2012.08.02"]

1. e4 c5 2. Nf3 e6 3. d4 cxd4 4. Nxd4 Nc6 5. Nc3 Qc7 6. Be3 a6 7. Qd2 Nf6 8.
O-O-O Bb4 9. f3 O-O 10. a3 Be7 11. g4 b5 12. g5 Nh5 13. Nce2 b4 14. Nxc6 Qxc6
15. axb4 Qa4 16. Kb1 Bxb4 17. c3 Be7 18. Ng3 Nxg3 19. hxg3 Rb8 20. Qc2 Qxc2+ 21.
Kxc2 f6 22. gxf6 gxf6 23. Bc4 f5 24. e5 Rf7 25. Rd2 Rg7 26. Bf2 Kf7 27. Ra1 Ke8
28. b4 Bb7 29. f4 Rg6 30. Kb3 Rh6 31. Bxa6 Rh2 32. Bxb7 Rxb7 33. Ra8+ Kf7 34.
Be3 Rh3 35. Ra7 Rxa7 36. Bxa7 Rxg3 37. b5 1-0